Clubs de handball de l'Orne (61) - Statistiques

Statistiques générales
  • Ce quiz a été pris 6 fois
  • Le résultat moyen est 9 sur 11
Statistiques - réponses
Numéro Club (ville) % Correct
6 Flers
100%
7 L'Aigle
100%
1 Alençon
75%
2 Argentan
75%
3 Belleme
75%
4 Domfront en Poiraie
75%
8 La Ferte Mace
75%
9 Mortagne au Perche
75%
10 Putanges
75%
11 Sees
75%
5 Ecouche Les Vallées
50%
Aucun quiz correspondant
Distribution des résultats
% des personnes avec chaque résultat
Percentile par nombre de réponses
Votre historique - résultats
Vous n’avez pas pris ce quiz